000 01052nam a22002777a 4500
999 _c3685
_d3685
003 AR-CdUCM
008 190307b ||||| |||| 00| 0 spa d
040 _aMUNICIPALIDAD PROVINCIAL DEL CUSCO
_cBIBLIOTECA MUNICIPAL DEL CUSCO
041 _hger
082 _a838.917 /
_bZ98
100 _aZweig, Stefan
_910851
245 _aObras completas /
260 _aBarcelona :
_bJuventud,
_c1955.
300 _a2 tomos ;
_c18 cm.
500 _at.1: Novelas t.2: Biografías
505 _aContenido: t.1 : La piedad peligrosa -- Calidoscopio -- Novela veraniega -- La colección invisible -- Noche fantástica ... t.2 : María Antonieta -- Tres maestros -- Magallanes -- Américo Vespucio -- Tres poetas de sus vida ...
650 _aAutores Alemanes
_911956
650 _aNovelas Alemanas
_92845
650 _aBiografías
_9148
700 _aGamboa, Arístedes
_911957
700 _aLleonart, José
_911958
700 _aEscolas, R. Ballester
_911959
700 _aTenreiro, Ramón M. (traductores)
_911960
942 _2ddc
_cLIBROS
945 _aachl